[Event "Online Olym Top DivC 2021"]
[Site "chess.com INT"]
[Date "2021.09.10"]
[Round "4.1"]
[Board "6"]
[White "Muetsch, Annmarie"]
[Black "Golsta, Madara"]
[Result "1-0"]
[WhiteTitle "WIM"]
[WhiteElo "2259"]
[BlackElo "1967"]
[WhiteTeam "Germany"]
[BlackTeam "Latvia"]
[WhiteFideId "12971367"]
[BlackFideId "11607386"]
[EventDate "2021.09.09"]
[EventType "team"]

1. e4 c5 2. Nf3 d6 3. Bb5+ Nd7 4. c4 Nf6 5. O-O g6 6. Nc3 Bg7 7. Ba4 O-O 8. Bc2
Nb8 9. h3 Nc6 10. a3 a5 11. d3 Bd7 12. Rb1 Ne8 13. Bf4 Nc7 14. Nd5 e5 15. Bg5 f6
16. Bd2 Ne6 17. b4 axb4 18. axb4 cxb4 19. Nxb4 f5 20. Nd5 Nc5 21. Bg5 Qb8 22.
Nb6 Ra6 23. Nxd7 Nxd7 24. Ba4 f4 25. d4 h6 26. Bb5 Rb6 27. c5 Rxb5 28. Rxb5 hxg5
29. Qb3+ Kh8 30. Rxb7 Qc8 31. Qb5 exd4 32. cxd6 Ncb8 33. Rc7 Qe8 34. Qxg5 Kg8
35. Qd5+ Kh8 36. Nxd4 Nf6 37. Qb7 Rg8 38. Re7 Qd8 39. e5 Nbd7 40. exf6 1-0

[Event "Online Olym Top DivC 2021"]
[Site "chess.com INT"]
[Date "2021.09.10"]
[Round "4.2"]
[Board "1"]
[White "Navara, David"]
[Black "Ivanchuk, Vasyl"]
[Result "1/2-1/2"]
[WhiteTitle "GM"]
[BlackTitle "GM"]
[WhiteElo "2676"]
[BlackElo "2678"]
[WhiteTeam "Czech Republic"]
[BlackTeam "Ukraine"]
[WhiteFideId "309095"]
[BlackFideId "14100010"]
[EventDate "2021.09.09"]
[EventType "team"]

1. e4 e5 2. Nf3 Nc6 3. Bc4 Nf6 4. d3 Be7 5. O-O O-O 6. Re1 d6 7. a4 a6 8. h3 h6
9. Nc3 Re8 10. a5 Bf8 11. d4 exd4 12. Nxd4 Nxd4 13. Qxd4 Be6 14. Bf4 c6 15. Bf1
d5 16. exd5 Nxd5 17. Nxd5 Bxd5 18. Rxe8 Qxe8 19. c4 Be6 20. Rd1 Qe7 21. Bd6 Qxd6
22. Qxd6 Bxd6 23. Rxd6 Kf8 24. f4 Ke7 25. c5 Rd8 26. Rxd8 Kxd8 27. Kf2 Ke7 28.
Ke3 h5 29. g3 g6 30. Bg2 Kf6 31. b4 Ke7 32. Kd4 Bd7 33. Ke5 Be6 34. h4 Bf5 35.
Bf3 f6+ 36. Kd4 Kd7 37. Be4 Bxe4 38. Kxe4 f5+ 39. Ke5 Ke7 40. Kd4 Kd7 41. Kd3 1/2-1/2

[Event "Online Olym Top DivC 2021"]
[Site "chess.com INT"]
[Date "2021.09.10"]
[Round "4.2"]
[Board "2"]
[White "Korobov, Anton"]
[Black "Stalmach, Richard"]
[Result "1-0"]
[WhiteTitle "GM"]
[BlackTitle "FM"]
[WhiteElo "2685"]
[BlackElo "2333"]
[WhiteTeam "Ukraine"]
[BlackTeam "Czech Republic"]
[WhiteFideId "14105730"]
[BlackFideId "372048"]
[EventDate "2021.09.09"]
[EventType "team"]

1. d4 Nf6 2. c4 g6 3. Nc3 Bg7 4. e4 d6 5. Be2 O-O 6. Bg5 c5 7. d5 e6 8. Nf3 exd5
9. cxd5 Re8 10. Nd2 Nbd7 11. O-O a6 12. a4 Rb8 13. h3 h6 14. Be3 Qc7 15. Rc1 Nf8
16. Bf4 g5 17. Be3 Ng6 18. Re1 Bd7 19. b4 cxb4 20. Nb5 Qd8 21. Nxd6 Bxa4 22.
Qxa4 Qxd6 23. Bc5 Qf4 24. Be3 Qe5 25. Bf3 Nh4 26. Qxb4 Nxf3+ 27. gxf3 Nh5 28.
Nc4 Qf6 29. Kg2 Nf4+ 30. Bxf4 Qxf4 31. Ne3 h5 32. Rh1 b5 33. Rc6 Ra8 34. d6 Red8
35. Nd5 Qe5 36. Ne7+ Kh7 37. Nf5 a5 38. Qd2 Bf6 39. Rc7 Kg6 40. Rhc1 b4 41. R1c5
Qe6 42. d7 Ra6 43. h4 b3 44. hxg5 Bxg5 45. Qd3 b2 46. Nd4 Qe7 47. e5+ 1-0

[Event "Online Olym Top DivC 2021"]
[Site "chess.com INT"]
[Date "2021.09.10"]
[Round "4.2"]
[Board "3"]
[White "Koubova, Anna Marie"]
[Black "Buksa, Nataliya"]
[Result "0-1"]
[BlackTitle "IM"]
[WhiteElo "2128"]
[BlackElo "2417"]
[WhiteTeam "Czech Republic"]
[BlackTeam "Ukraine"]
[WhiteFideId "381470"]
[BlackFideId "14123622"]
[EventDate "2021.09.09"]
[EventType "team"]

1. d4 Nf6 2. c4 e6 3. Nf3 d5 4. cxd5 exd5 5. Bg5 c6 6. Qc2 Nbd7 7. Nc3 h6 8. Bh4
g5 9. Bg3 Nh5 10. e3 Nxg3 11. hxg3 Bg7 12. Bd3 Nb6 13. Bf5 Qe7 14. O-O h5 15.
Bxc8 Rxc8 16. e4 Kf8 17. e5 h4 18. Qf5 Bh6 19. Rae1 Qe6 20. Qxe6 fxe6 21. gxh4
g4 22. Ng5 Ke7 23. f4 c5 24. Nb5 Nc4 25. Nd6 Nxd6 26. exd6+ Kd7 27. Nxe6 cxd4
28. Nxd4 Bf8 29. f5 Bxd6 30. f6 Rxh4 31. Nf5 Bc5+ 32. Ne3 g3 33. f7 Rch8 0-1

[Event "Online Olym Top DivC 2021"]
[Site "chess.com INT"]
[Date "2021.09.10"]
[Round "4.2"]
[Board "4"]
[White "Zhukova, Natalia"]
[Black "Pribylova, Sofie"]
[Result "1-0"]
[WhiteTitle "GM"]
[BlackTitle "WFM"]
[WhiteElo "2331"]
[BlackElo "1983"]
[WhiteTeam "Ukraine"]
[BlackTeam "Czech Republic"]
[WhiteFideId "14101513"]
[BlackFideId "371726"]
[EventDate "2021.09.09"]
[EventType "team"]

1. c4 Nf6 2. Nc3 e5 3. Nf3 Nc6 4. e4 d6 5. d4 Bg4 6. d5 Nd4 7. Be3 Nxf3+ 8. gxf3
Bd7 9. Rg1 Nh5 10. Qd2 b6 11. Be2 g6 12. O-O-O Bg7 13. Bd3 Qe7 14. Ne2 O-O-O 15.
Kb1 Kb8 16. Nc1 Rde8 17. Nb3 Rhf8 18. Qb4 Ka8 19. Rc1 f5 20. c5 f4 21. cxd6 Qxd6
22. Bd2 Qxb4 23. Bxb4 Rf7 24. Rxc7 Bf8 25. Bxf8 Rexf8 26. Rgc1 Kb8 27. Ba6 Bh3
28. d6 Nf6 29. Nd2 h6 30. Nc4 g5 31. Nxe5 Rxc7 32. dxc7+ Ka8 33. c8=Q+ Rxc8 34.
Rxc8+ Bxc8 35. Bxc8 h5 36. h3 1-0

[Event "Online Olym Top DivC 2021"]
[Site "chess.com INT"]
[Date "2021.09.10"]
[Round "4.2"]
[Board "5"]
[White "Finek, Vaclav"]
[Black "Galperin, Platon"]
[Result "1/2-1/2"]
[WhiteTitle "FM"]
[BlackTitle "IM"]
[WhiteElo "2408"]
[BlackElo "2512"]
[WhiteTeam "Czech Republic"]
[BlackTeam "Ukraine"]
[WhiteFideId "23718293"]
[BlackFideId "14165414"]
[EventDate "2021.09.09"]
[EventType "team"]

1. Nf3 Nf6 2. d4 g6 3. c4 Bg7 4. g3 b6 5. Bg2 Bb7 6. O-O O-O 7. Qc2 c5 8. d5 b5
9. e4 bxc4 10. Nfd2 e6 11. Nc3 exd5 12. exd5 d6 13. Nxc4 Ba6 14. b3 Nbd7 15. Rd1
Bxc4 16. bxc4 Ng4 17. Bf4 Bd4 18. Rxd4 cxd4 19. Ne4 Re8 20. Nxd6 d3 21. Qxd3 Qb6
22. Nxe8 Qxf2+ 23. Kh1 Rxe8 24. Rf1 Qxa2 25. Bd2 Nc5 26. Qf3 Ne5 27. Qf4 Ncd3
28. Qe3 Qxc4 29. Qxa7 Qc2 30. Qe3 Rd8 31. Be4 Qc4 32. Rf6 Ng4 33. Qxd3 Qxd3 34.
Bxd3 Nxf6 35. Bc4 Nxd5 36. Bg5 Rd7 37. h4 Kg7 38. h5 gxh5 39. Kg2 Nf6 40. Bf4
Kg6 41. Bb5 Rd5 42. Bc4 Rd4 43. Bb3 h4 44. Be5 Rd2+ 45. Kh3 hxg3 46. Bxg3 Ne4
47. Bc4 Nxg3 48. Kxg3 Kg5 49. Bxf7 Rd3+ 50. Kg2 Kh4 51. Be6 Rd2+ 52. Kf3 h5 53.
Kf4 Rg2 54. Kf3 Rg6 55. Bc8 Rg7 56. Kf2 Rc7 57. Be6 Rc6 58. Bd7 Rc2+ 59. Kf3 Rd2
60. Bc8 Rd8 61. Be6 Kg5 62. Kg2 Rd3 63. Bc8 Re3 64. Bd7 Kf4 65. Kh2 h4 66. Bc8
Re8 67. Bd7 Rd8 68. Be6 Rd6 69. Bc8 Rd1 70. Be6 Rf1 71. Bc8 Rf2+ 72. Kh3 Ra2 73.
Be6 Ra3+ 74. Kh2 Rg3 75. Bc8 Kf3 76. Bb7+ Kf2 77. Bc8 h3 78. Be6 Kf3 79. Bc8 Rg7
80. Be6 Rg2+ 81. Kxh3 Rg6 82. Bd5+ Kf4 83. Kh2 Rg5 84. Ba8 Rc5 85. Kg2 Rc3 86.
Kh2 Kg4 87. Kg2 Rc2+ 88. Kf1 Kf4 89. Ke1 Ke3 90. Kd1 Rc7 91. Bg2 Rg7 92. Ba8 Kd3
93. Kc1 Kc3 94. Kd1 Rg8 95. Bb7 Re8 96. Bc6 Re6 97. Ba8 Ra6 98. Bb7 Ra7 99. Bc6
Kd3 100. Ke1 Ke3 101. Kf1 Ra2 102. Bb7 Rf2+ 103. Kg1 Rf7 104. Bd5 Rf4 105. Bc6
Ke2 106. Kg2 Rg4+ 107. Kh3 Rg6 108. Be4 Rg7 109. Ba8 Ke3 110. Kh4 Kf4 111. Kh5
Kf5 112. Kh6 Kf6 113. Kh5 Kf5 114. Kh6 Rg6+ 115. Kh7 Kg5 116. Bd5 Rd6 117. Bg8
Kf6 118. Kh8 Rd7 119. Ba2 Rd2 120. Bg8 Rc2 121. Bb3 Rc6 122. Bg8 Ke7 123. Kg7
Rc1 124. Kh8 Rg1 125. Bh7 Kf8 126. Be4 Rh1+ 127. Bxh1 1/2-1/2

[Event "Online Olym Top DivC 2021"]
[Site "chess.com INT"]
[Date "2021.09.10"]
[Round "4.2"]
[Board "6"]
[White "Hryzlova, Sofiia"]
[Black "Voriskova, Anna"]
[Result "1-0"]
[WhiteTitle "WCM"]
[WhiteElo "2176"]
[BlackElo "1799"]
[WhiteTeam "Ukraine"]
[BlackTeam "Czech Republic"]
[WhiteFideId "14174669"]
[BlackFideId "23712236"]
[EventDate "2021.09.09"]
[EventType "team"]

1. c4 c5 2. Nf3 Nc6 3. Nc3 g6 4. g3 Bg7 5. Bg2 d6 6. O-O e5 7. Ne1 Be6 8. d3
Nge7 9. Nc2 d5 10. cxd5 Nxd5 11. Ne4 Qe7 12. Ne3 Rd8 13. Ng5 Nxe3 14. Bxe3 Bd5
15. Ne4 b6 16. Qa4 O-O 17. Bg5 f6 18. Nxf6+ Bxf6 19. Bxd5+ Rxd5 20. Qxc6 Rd6 21.
Bxf6 Qxf6 22. Qg2 Rd4 23. Rac1 Qe6 24. b3 Kh8 25. Rc4 Rf7 26. Rd1 Kg7 27. a4 Qd7
28. Ra1 Qd6 29. h4 h5 30. Rac1 Qe7 31. a5 Qe6 32. axb6 axb6 33. b4 Qg4 34. f3
Qd7 35. bxc5 Rxc4 36. Rxc4 bxc5 37. Rxc5 Qd4+ 38. Qf2 Qa1+ 39. Kg2 Qb2 40. Qe3
Re7 41. Qe4 Qa1 42. Rc6 1-0

[Event "Online Olym Top DivC 2021"]
[Site "chess.com INT"]
[Date "2021.09.10"]
[Round "4.3"]
[Board "1"]
[White "Vazquez, Guillermo"]
[Black "Grischuk, Alexander"]
[Result "1-0"]
[WhiteTitle "IM"]
[BlackTitle "GM"]
[WhiteElo "2534"]
[BlackElo "2775"]
[WhiteTeam "Paraguay"]
[BlackTeam "Russia"]
[WhiteFideId "3702308"]
[BlackFideId "4126025"]
[EventDate "2021.09.09"]
[EventType "team"]

1. e4 e5 2. Nf3 Nc6 3. Bc4 Bc5 4. O-O Nf6 5. d3 h6 6. c3 d6 7. Re1 O-O 8. h3 Bb6
9. a4 a5 10. Nbd2 Be6 11. Bxe6 fxe6 12. Nc4 Ba7 13. Be3 Bxe3 14. Nxe3 Qd7 15. g3
Rf7 16. Nh2 Raf8 17. Qe2 b6 18. Rf1 Kh8 19. Rad1 Ne7 20. b3 Qc6 21. Rc1 Qd7 22.
Rcd1 Qc6 23. Rc1 Ng6 24. Nhg4 Nd7 25. Nc4 Nc5 26. Nd2 Nd7 27. h4 Nf6 28. d4 exd4
29. cxd4 Qd7 30. Rc3 Ne7 31. Nxf6 Rxf6 32. Qc4 Rc8 33. Qd3 Rcf8 34. Qc4 Rc8 35.
Qd3 Rcf8 36. Qc2 c5 37. e5 dxe5 38. dxc5 Nd5 39. Ne4 Nxc3 40. Nxf6 Rxf6 41. Qxc3
bxc5 42. Qxc5 Qd5 43. Qc8+ Kh7 44. Qc2+ Kh8 45. Qc8+ Kh7 46. Qc2+ Kh8 47. Rd1
Qa8 48. Qc7 Qf3 49. Rd8+ Kh7 50. Qc2+ Rf5 51. Re8 h5 52. Rxe6 g6 53. Re7+ Rf7
54. Rxe5 Rd7 55. Re1 Qd5 56. Qc3 Qb7 57. Qxa5 Qxb3 58. Qb5 Qf7 59. a5 Rb7 60.
Qe8 Qf6 61. Qe6 Qc3 62. Qe5 Qf3 63. Rc1 Rf7 64. Qd4 Qa3 65. Ra1 Qf8 66. a6 1-0

[Event "Online Olym Top DivC 2021"]
[Site "chess.com INT"]
[Date "2021.09.10"]
[Round "4.3"]
[Board "2"]
[White "Fedoseev, Vladimir3"]
[Black "Almiron, Antonio"]
[Result "1-0"]
[WhiteTitle "GM"]
[BlackTitle "FM"]
[WhiteElo "2708"]
[BlackElo "2366"]
[WhiteTeam "Russia"]
[BlackTeam "Paraguay"]
[WhiteFideId "24130737"]
[BlackFideId "3701166"]
[EventDate "2021.09.09"]
[EventType "team"]

1. d4 Nf6 2. c4 e6 3. Nf3 Bb4+ 4. Nbd2 O-O 5. a3 Be7 6. e4 d5 7. e5 Nfd7 8. Bd3
c5 9. Qc2 h6 10. O-O Nc6 11. cxd5 exd5 12. Re1 a5 13. Bf5 Nxd4 14. Nxd4 cxd4 15.
Nf3 d3 16. Bxd3 Nc5 17. Bh7+ Kh8 18. Be3 b6 19. Bf5 a4 20. Rad1 Be6 21. Nd4 Rc8
22. Qe2 Qd7 23. Qh5 Bxf5 24. Nxf5 Rc6 25. Qf3 Rd8 26. Rxd5 Qxd5 27. Qxd5 Rxd5
28. Nxe7 Nd3 29. Rd1 Nf4 30. Nxd5 Nxd5 31. Rxd5 1-0

[Event "Online Olym Top DivC 2021"]
[Site "chess.com INT"]
[Date "2021.09.10"]
[Round "4.3"]
[Board "3"]
[White "Perez Rodriguez, Jennifer"]
[Black "Lagno, Kateryna"]
[Result "1/2-1/2"]
[WhiteTitle "WIM"]
[BlackTitle "GM"]
[WhiteElo "2251"]
[BlackElo "2550"]
[WhiteTeam "Paraguay"]
[BlackTeam "Russia"]
[WhiteFideId "3507831"]
[BlackFideId "14109336"]
[EventDate "2021.09.09"]
[EventType "team"]

1. e4 e5 2. Nf3 Nc6 3. Bc4 Bc5 4. c3 Nf6 5. d4 exd4 6. cxd4 Bb4+ 7. Bd2 Bxd2+ 8.
Nbxd2 d5 9. exd5 Nxd5 10. Qb3 Na5 11. Qa4+ Nc6 12. Qb3 Nce7 13. O-O O-O 14. Rfe1
a5 15. Ne4 a4 16. Qa3 h6 17. Rad1 Bg4 18. h3 Bh5 19. Ng3 Bg6 20. Re5 Nb6 21. Bf1
Nc6 22. Ree1 Qd6 23. Qxd6 cxd6 24. a3 Na5 25. Re7 Rfe8 26. Rde1 Kf8 27. Rxe8+
Rxe8 28. Rxe8+ Kxe8 29. Bb5+ Ke7 30. Nd2 Ke6 31. Ne2 Kd5 32. Nf3 Bc2 33. Nc3+
Ke6 34. d5+ Kf6 35. Nd4 Bh7 36. Bxa4 Nxa4 37. Nxa4 Ke5 38. Nb5 Kxd5 39. Nac3+
Ke5 40. f4+ Ke6 41. Nd4+ Kd7 42. a4 Nc6 43. Ndb5 Nb4 44. Kf1 Nd3 45. b3 Nxf4 46.
Nd4 Ne6 47. Ndb5 Bc2 48. b4 Kc6 49. Ke2 Bxa4 50. Na7+ Kb6 51. Nc8+ Kc7 52. Nxd6
Kxd6 53. Nxa4 Kd5 54. Nb6+ Kd4 55. Kf3 Kc3 56. Nd5+ Kc4 57. Ke4 Nd8 58. Ke5 Nc6+
59. Kd6 Nxb4 60. Ne3+ Kd3 61. Nf5 Na6 62. Kd5 b5 63. Nd4 b4 64. Nb3 Kc3 65. Na5
b3 66. Nxb3 Kxb3 67. Kd6 Kc4 68. Ke7 f5 69. Kf7 g5 70. Kg6 g4 71. Kxf5 g3 72.
Kg4 Kd5 73. Kxg3 Ke5 74. Kh4 Kf6 75. Kh5 Kg7 76. g4 Nc5 77. g5 hxg5 78. Kxg5
Ne4+ 79. Kf4 Nf6 80. Kf5 Kf7 81. h4 Kg7 82. h5 Nxh5 1/2-1/2

[Event "Online Olym Top DivC 2021"]
[Site "chess.com INT"]
[Date "2021.09.10"]
[Round "4.3"]
[Board "4"]
[White "Gunina, Valentina"]
[Black "Vargas, Gabriela"]
[Result "1-0"]
[WhiteTitle "GM"]
[BlackTitle "WIM"]
[WhiteElo "2446"]
[BlackElo "2152"]
[WhiteTeam "Russia"]
[BlackTeam "Paraguay"]
[WhiteFideId "4167570"]
[BlackFideId "3700860"]
[EventDate "2021.09.09"]
[EventType "team"]

1. d4 d5 2. c4 c6 3. Nf3 Nf6 4. g3 e6 5. Bg2 Nbd7 6. Nbd2 Bd6 7. O-O O-O 8. b3
e5 9. cxd5 cxd5 10. dxe5 Nxe5 11. Bb2 Re8 12. Nxe5 Bxe5 13. Bxe5 Rxe5 14. Nf3
Re8 15. Qd3 Qb6 16. Rac1 Be6 17. Rfd1 Rac8 18. Rxc8 Rxc8 19. Nd4 a6 20. Bf3 g6
21. Qe3 Qd6 22. Qg5 Kg7 23. e4 h6 24. Qe3 Qe5 25. Nxe6+ fxe6 26. Rd4 dxe4 27.
Bxe4 Nxe4 28. Rxe4 Rc1+ 29. Kg2 Qd5 30. Qd4+ Qxd4 31. Rxd4 Rc2 32. a4 Kf6 33.
Rb4 Rc7 34. h4 h5 35. Kf3 Ke5 36. Ke3 Rc3+ 37. Kd2 Rf3 38. Ke2 Rf7 39. Ke3 Kd5
40. Rd4+ Kc5 41. b4+ Kc6 42. f4 b6 43. Ke4 Rd7 44. b5+ axb5 45. axb5+ Kc7 46.
Rc4+ Kb7 47. Rc6 Rd5 48. Rxe6 Rxb5 49. Rxg6 Rb1 50. Rg5 Re1+ 51. Kd4 Rd1+ 52.
Ke3 Kc6 53. Rxh5 b5 54. Rh8 Kc7 55. Ra8 Kb7 56. Ra2 Kb6 57. f5 Rf1 58. g4 b4 59.
h5 Rh1 60. Kf4 Kc5 61. f6 Rf1+ 62. Ke5 Re1+ 63. Kf5 b3 64. Rf2 1-0

[Event "Online Olym Top DivC 2021"]
[Site "chess.com INT"]
[Date "2021.09.10"]
[Round "4.3"]
[Board "5"]
[White "Melian, Juan Sebastian"]
[Black "Murzin, Volodar"]
[Result "0-1"]
[WhiteTitle "CM"]
[BlackTitle "IM"]
[WhiteElo "1978"]
[BlackElo "2513"]
[WhiteTeam "Paraguay"]
[BlackTeam "Russia"]
[WhiteFideId "3706575"]
[BlackFideId "44155573"]
[EventDate "2021.09.09"]
[EventType "team"]

1. d4 Nf6 2. Nf3 g6 3. g3 Bg7 4. Bg2 O-O 5. O-O d6 6. c4 Nbd7 7. Nc3 e5 8. e4 a6
9. Re1 exd4 10. Nxd4 Ng4 11. Nde2 Nge5 12. b3 Nc5 13. Be3 Bg4 14. Rf1 Nxc4 15.
Bxc5 Bxc3 16. Rc1 Bg7 17. Rxc4 dxc5 18. f3 Bd7 19. Rxc5 Bb5 20. Rc2 Qe7 21. Re1
Rad8 22. Qc1 c6 23. Rd1 Rxd1+ 24. Qxd1 Rd8 25. Rd2 Qc5+ 26. Kf1 Bxe2+ 27. Kxe2
Rxd2+ 28. Qxd2 Qg1 29. Kd3 Qxh2 30. Qf2 Bf8 31. f4 Qh5 32. e5 Qd1+ 33. Qd2 Qg1
34. f5 Qb1+ 35. Qc2 Qe1 36. Qe2 Qxg3+ 37. Kc2 gxf5 38. e6 Qd6 39. exf7+ Kxf7 40.
Qh5+ Qg6 41. Qh1 Bg7 42. Bf3 Kf8 43. a4 Qf6 44. Qh5 Qc3+ 45. Kd1 Qxb3+ 46. Ke2
Qe6+ 47. Kf1 h6 48. Qh4 Qd6 49. Qc4 Bf6 50. Qb3 b5 51. axb5 cxb5 52. Qc2 Qe6 53.
Be2 Kg7 54. Qc7+ Kg6 55. Qg3+ Bg5 56. Qh3 Qe5 57. Qd3 Qf4+ 58. Ke1 Qh4+ 59. Kd1
Qa4+ 60. Ke1 Bh4+ 61. Kf1 Qf4+ 62. Bf3 Qc4 63. Qxc4 bxc4 64. Be2 c3 0-1

[Event "Online Olym Top DivC 2021"]
[Site "chess.com INT"]
[Date "2021.09.10"]
[Round "4.3"]
[Board "6"]
[White "Garifullina, Leya"]
[Black "Oviedo Acosta, Paula"]
[Result "1-0"]
[WhiteTitle "WGM"]
[WhiteElo "2409"]
[BlackElo "1637"]
[WhiteTeam "Russia"]
[BlackTeam "Paraguay"]
[WhiteFideId "34127035"]
[BlackFideId "3704394"]
[EventDate "2021.09.09"]
[EventType "team"]

1. e4 c5 2. Nf3 e6 3. d4 cxd4 4. Nxd4 a6 5. Bd3 Bc5 6. Nb3 Be7 7. Qg4 g6 8. Qe2
d6 9. O-O Nd7 10. a4 b6 11. Na3 Ngf6 12. Bh6 Ne5 13. Rfd1 Bb7 14. f3 Qc7 15. Qf2
Rc8 16. Be2 Rd8 17. Be3 Ned7 18. Nc4 O-O 19. Nxb6 Qxc2 20. Na5 Qc7 21. Nxb7 Qxb7
22. a5 Rc8 23. Nxc8 Rxc8 24. Bf1 d5 25. exd5 Nxd5 26. Kh1 Nxe3 27. Qxe3 Nc5 28.
Rac1 Bf8 29. Rc2 Na4 30. Rxc8 Qxc8 31. Qb3 Nc5 32. Qc4 Qb7 33. b4 Nd7 34. Qxa6
Qc7 35. Qc4 Qb7 36. Qb5 Qxb5 37. Bxb5 Nf6 38. a6 Nd5 39. Rxd5 1-0

[Event "Online Olym Top DivC 2021"]
[Site "chess.com INT"]
[Date "2021.09.10"]
[Round "4.4"]
[Board "1"]
[White "Nabaty, Tamir"]
[Black "Anton Guijarro, David"]
[Result "1-0"]
[WhiteTitle "GM"]
[BlackTitle "GM"]
[WhiteElo "2638"]
[BlackElo "2651"]
[WhiteTeam "Israel"]
[BlackTeam "Spain"]
[WhiteFideId "2809052"]
[BlackFideId "2285525"]
[EventDate "2021.09.09"]
[EventType "team"]

1. d4 f5 2. Nc3 Nf6 3. Bg5 d5 4. e3 Be6 5. Nf3 Nbd7 6. Bd3 g6 7. Ne2 Ne4 8. h4
Bg7 9. Bf4 c5 10. c3 Qb6 11. Qb3 c4 12. Qxb6 axb6 13. Bc2 Bf6 14. Ng5 Bg8 15. f3
Nxg5 16. hxg5 Bg7 17. e4 fxe4 18. fxe4 e5 19. Be3 O-O-O 20. O-O-O Re8 21. dxe5
dxe4 22. Rxd7 Kxd7 23. Ba4+ Ke7 24. Bxe8 Kxe8 25. Bxb6 h6 26. Bd4 Be6 27. Nf4
Bf5 28. g4 Bxg4 29. Nxg6 Rh7 30. Nf4 Rh8 31. g6 Rf8 32. Nd5 Bf3 33. Rh4 h5 34.
Nf6+ Kd8 35. Kd2 Bh6+ 36. Be3 Bg7 37. Bg5 Kc7 38. Ke3 Rd8 39. Nxh5 Rd3+ 40. Kf4
Bxh5 41. Rxh5 e3 42. Rh7 e2 43. Rxg7+ Kc6 44. Bh4 Rh3 45. Be1 Rh1 46. Bd2 1-0

[Event "Online Olym Top DivC 2021"]
[Site "chess.com INT"]
[Date "2021.09.10"]
[Round "4.4"]
[Board "2"]
[White "Santos Latasa, Jaime"]
[Black "Rodshtein, Maxim"]
[Result "1/2-1/2"]
[WhiteTitle "GM"]
[BlackTitle "GM"]
[WhiteElo "2627"]
[BlackElo "2599"]
[WhiteTeam "Spain"]
[BlackTeam "Israel"]
[WhiteFideId "2293307"]
[BlackFideId "2806851"]
[EventDate "2021.09.09"]
[EventType "team"]

1. Nf3 d5 2. e3 Nf6 3. c4 e6 4. b3 b6 5. g3 Bb7 6. Bg2 Be7 7. O-O O-O 8. Bb2 c5
9. Nc3 dxc4 10. bxc4 Nc6 11. Qe2 Rc8 12. Rad1 Rc7 13. d3 Rd7 14. Ne1 Qa8 15. g4
Rfd8 16. g5 Ne8 17. f4 Bf8 18. Nf3 Nd6 19. Nh4 g6 20. a3 Bg7 21. Nf3 Ne7 22. h4
Nef5 23. Kh2 Bc6 24. a4 a6 25. Bh3 Bxf3 26. Rxf3 Nxh4 27. Rff1 Nhf5 28. Bxf5
Nxf5 29. Ne4 Qb8 30. Nf6+ Bxf6 31. Bxf6 Re8 32. Be5 Qb7 33. e4 Nd4 34. Qe3 b5
35. Qh3 bxc4 36. Qh6 f6 37. gxf6 cxd3 38. Rxd3 Qxe4 39. Rg3 Rf7 40. Rfg1 Nf3+
41. Rxf3 Qxf3 42. Rxg6+ hxg6 43. Qxg6+ Kh8 44. Qh6+ Kg8 45. Qg6+ Kh8 46. Qh6+
Kg8 47. Qg6+ 1/2-1/2

[Event "Online Olym Top DivC 2021"]
[Site "chess.com INT"]
[Date "2021.09.10"]
[Round "4.4"]
[Board "3"]
[White "Shvayger, Yuliya"]
[Black "Vega Gutierrez, Sabrina"]
[Result "1-0"]
[WhiteTitle "IM"]
[BlackTitle "IM"]
[WhiteElo "2351"]
[BlackElo "2397"]
[WhiteTeam "Israel"]
[BlackTeam "Spain"]
[WhiteFideId "14100126"]
[BlackFideId "2219026"]
[EventDate "2021.09.09"]
[EventType "team"]

1. e4 c5 2. Nf3 e6 3. c4 Nc6 4. Nc3 a6 5. Be2 Nd4 6. O-O Ne7 7. d3 Nec6 8. Be3
Be7 9. a3 g5 10. Nd2 h5 11. f4 gxf4 12. Bxf4 Bg5 13. Bd6 Be7 14. e5 Bxd6 15.
exd6 Qg5 16. Nde4 Qe3+ 17. Kh1 f5 18. Bxh5+ Kd8 19. Ng3 Ne5 20. Re1 Qf4 21. Nce2
Qh4 22. Nxd4 Qxd4 23. Qd2 f4 24. Re4 Qxd6 25. Qxf4 1-0

[Event "Online Olym Top DivC 2021"]
[Site "chess.com INT"]
[Date "2021.09.10"]
[Round "4.4"]
[Board "4"]
[White "Matnadze, Ana"]
[Black "Lahav, Michal"]
[Result "1-0"]
[WhiteTitle "IM"]
[BlackTitle "WIM"]
[WhiteElo "2418"]
[BlackElo "2127"]
[WhiteTeam "Spain"]
[BlackTeam "Israel"]
[WhiteFideId "13601377"]
[BlackFideId "2813742"]
[EventDate "2021.09.09"]
[EventType "team"]

1. d4 Nf6 2. Nf3 c5 3. d5 e6 4. c4 exd5 5. cxd5 d6 6. Nc3 g6 7. g3 Bg7 8. Bg2
O-O 9. O-O Re8 10. Bf4 Bf5 11. a4 Na6 12. Nh4 Bc8 13. Qd2 Nc7 14. h3 b6 15. e4
Rb8 16. Rfe1 Bb7 17. Bh6 Bh8 18. Bg5 Qd7 19. Kh2 a6 20. g4 b5 21. axb5 axb5 22.
f4 b4 23. Na4 Nb5 24. Nb6 Qc7 25. Nc4 Nd4 26. Ra7 Nd7 27. Qf2 Ra8 28. Rxb7 Qxb7
29. Nxd6 Qc7 30. Nxe8 Rxe8 31. e5 f6 32. d6 Qd8 33. Bd5+ Kf8 34. Bh6+ Bg7 35.
Bxg7+ Kxg7 36. Qg3 fxe5 37. fxe5 Nb6 38. Bg2 Nc4 39. b3 Nb6 40. Nf3 Ne6 41. Nd2
Rf8 42. Ne4 Nd7 43. Ra1 Rf7 44. Nd2 Nb6 45. Ne4 Nd7 46. Ra7 Qb6 47. Ra8 Qb5 48.
Re8 Ndf8 49. Re7 Nd7 50. Rxe6 Qe2 51. Re7 c4 52. e6 1-0

[Event "Online Olym Top DivC 2021"]
[Site "chess.com INT"]
[Date "2021.09.10"]
[Round "4.4"]
[Board "5"]
[White "Parkhov, Yair"]
[Black "Henderson de La Fuente, Lance"]
[Result "1-0"]
[WhiteTitle "IM"]
[BlackTitle "GM"]
[WhiteElo "2434"]
[BlackElo "2491"]
[WhiteTeam "Israel"]
[BlackTeam "Spain"]
[WhiteFideId "2813408"]
[BlackFideId "32096585"]
[EventDate "2021.09.09"]
[EventType "team"]

1. Nf3 Nf6 2. c4 b6 3. g3 Bb7 4. Bg2 g6 5. d4 Bg7 6. d5 O-O 7. O-O Ne4 8. Qc2 f5
9. Ng5 Nc5 10. Nc3 a5 11. Be3 Nba6 12. Qd2 e5 13. dxe6 Bxg2 14. e7 Qxe7 15. Kxg2
Rae8 16. Rad1 h6 17. Nf3 g5 18. Kg1 Qf7 19. Nd5 d6 20. Bd4 Ne4 21. Qc2 Nb4 22.
Nxb4 axb4 23. Bxg7 Kxg7 24. Rd5 c6 25. Rd4 Qf6 26. Rfd1 Re6 27. Qa4 c5 28. Rd5
Rf7 29. Qc2 Ra7 30. Qb1 Rae7 31. e3 Rf7 32. Qc2 Kh8 33. Nd2 Kg7 34. Nf1 g4 35.
h4 gxh3 36. Nh2 Kh7 37. Qe2 Rg7 38. Qh5 Rg5 39. Qxh3 Qg6 40. Nf3 Nxg3 41. Nxg5+
Qxg5 42. Qxg3 Qh5 43. Rxd6 1-0